Statistics for Coaches of the Essendon Bombers

Click here to take the quiz!

General Stats

  • This quiz has been taken 21 times
    (4 since last reset)
  • The average score is 9 of 34

Answer Stats

YearsCoach% Correct
2011-2015James Hird
100%
1981-2007Kevin Sheedy
100%
2021-2022Ben Rutten
75%
2022-Brad Scott
75%
2016-2020John Worsfold
75%
2008-2010Matthew Knights
75%
1939-1960Dick Reynolds
50%
1968-1970Jack Clarke
50%
1961-1967John Coleman
50%
2014Mark Thompson
50%
2013Simon Goodwin
50%
1978-1980Barry Davis
25%
1976-1977Bill Stephen
25%
1972-1975Des Tuddenham
25%
2015Matthew Eagan
25%
1910Alan Belcher
0%
1959Alan Thaw
0%
1945-1946Cec Ruddell
0%
1928-1930Charlie Hardy
0%
1934-1935Charlie May
0%
1908-1909Dave Smith
0%
1944Elton Plummer
0%
1925-1927Frank Maher
0%
1931-1933Garnet Campbell
0%
2006Gary O'Donnell
0%
1965Greg Sewell
0%
1939Harry Hunter
0%
1936-1939Jack Baggott
0%
1971John Birt
0%
1911-1920John Worrall
0%
1941Les Griggs
0%
1920-1921Percy Ogden
0%
1922Sam Gravenall
0%
1922-1924Syd Barker
0%

Score Distribution

Percentile by Number Answered

Percent of People with Each Score

Your Score History

You have not taken this quiz since the last reset